00833nam a22001697a 4500003000900000008004100009020001800050040007100068082001700139110005700156245007000213260003500283300004000318505024600358650002700604650003200631AR-CdUCM190304b ||||| |||| 00| 0 spa d a84-505-1602_1 aMUNICIPALIDAD PROVINCIAL DEL CUSCOcBIBLIOTECA MUNICIPAL DEL CUSCO a972.8 /bE97 aExcelentísima diputación provincial de Córdova aCentroamerica en la encrucijada internacional de nuestro tiempo / aCórdova :bSan Pablo,c1985. a395 páginas ;bGráficosc24 cm. aContenido: La geopolítica de Centroamérica: punto neurálgico de las relaciones internacionales -- El modelo económico centroamericano: equilibrio inestable y represión -- Lo indígena en el ámbito cultural de Centroamérica ... aCrisis centroamericana aRelaciones internacionales